Dairy Cattle Breeds - Statistics

General Stats
  • This quiz has been taken 10 times
  • The average score is 5 of 15
Answer Stats
Picture Answer % Correct
Holstein
100%
Jersey
86%
Ayrshire
57%
Guernsey
43%
Brown Swiss
29%
Dexter
29%
Montbéliarde
29%
Ankole-Watusi
14%
Dutch Belted
14%
Gyr
14%
Maine Anjou
14%
Milking Shorthorn
14%
Norwegian Red
14%
Red Poll
14%
Sahiwal
14%
No matching quizzes found
Score Distribution
Percent of People with Each Score
Percentile by Number Answered
Your Score History
You have not taken this quiz